Normal view
MARC view
Entry Término temático
001 - NÚMERO DE CONTROL
- campo de control: 86313
003 - IDENTIFICADOR DEL NÚMERO DE CONTROL
- campo de control: DO-SdBNP
005 - FECHA Y HORA DE LA ÚLTIMA TRANSACCIÓN
- campo de control: 20240812154913.0
008 - DATOS DE LONGITUD FIJA
- campo de control de longitud fija: 240812|| aca||aabn | a|a d
040 ## - FUENTE DE LA CATALOGACIÓN
- Centro catalogador/agencia de origen: DO-SdBNP
- Centro/agencia transcriptor: DO-SdBNP
150 ## - ENCABEZAMIENTO--TÉRMINO DE MATERIA
- Término de materia o nombre geográfico como elemento de entrada: Marineros
- Subdivisión geográfica: California
- Subdivisión geográfica: Biografía
670 ## - FUENTE DE DATOS ENCONTRADOS
- Cita de la fuente: Work cat.: (DO-SdBNP)57413: Graham, Robin Lee. 40605 autor, Dove /
